Statystyki dla Czy... To... Sztuka?

Kliknij tutaj aby rozwiązać quiz!

Ogólne statystyki

  • Ten quiz został rozwiązany 18 razy
  • Średni wynik to 10 z 15

Statystyki odpowiedzi

ZagadnienieOdpowiedź% Poprawnych
Sztuka
93%
Losowy Obiekt
87%
Sztuka
87%
Sztuka
87%
Losowy Obiekt
80%
Losowy Obiekty
73%
Sztuka
73%
Sztuka
67%
Losowy Obiekt
60%
Losowy Obiekt
60%
Sztuka
60%
Losowy Obiekt
53%
Losowy Obiekt
53%
Sztuka
53%
Sztuka
40%

Rozkład punktacji

Percentyl według liczby udzielonych odpowiedzi

Procent ludzi z każdym wynikiem

Twoja historia wyników

Nie rozwiązałeś tego quizu